The moonstone
Shranjeno v:
| Glavni avtor: | |
|---|---|
| Format: | Knjiga |
| Jezik: | Undetermined |
| Izdano: |
London
Everyman's Library
1992
|
| Teme: | |
| Oznake: |
Označite
Brez oznak, prvi označite!
|
| Thư viện lưu trữ: | Trung tâm Học liệu Trường Đại học Cần Thơ |
|---|
| LEADER | 00494nam a2200181Ia 4500 | ||
|---|---|---|---|
| 001 | CTU_33903 | ||
| 008 | 210402s9999 xx 000 0 und d | ||
| 082 | |a 823.8 | ||
| 082 | |b C712m | ||
| 100 | |a Wilkie Collins | ||
| 245 | 4 | |a The moonstone | |
| 245 | 0 | |c Wilkie Collins | |
| 260 | |a London | ||
| 260 | |b Everyman's Library | ||
| 260 | |c 1992 | ||
| 650 | |a english fiction - 19th century,english literature | ||
| 904 | |i Minh, 991116 | ||
| 980 | |a Trung tâm Học liệu Trường Đại học Cần Thơ | ||